Rendering

Saved in:
Bibliographic Details
Format: Book
Language:English
Published: Toronto : Alias, 2004
Subjects:
Tags: Add Tag
No Tags, Be the first to tag this record!

MARC

LEADER 00000nam a2200000 i 4500
001 1/87150
008 051011s2004 eng d
020 |a 1-894893-68-9 
035 |l 10080742 
040 |a GR-MY-UA  |b gre  |e aacr 
041 0 |a eng 
082 0 |a 006.696  |2 (22) 
245 1 0 |a Rendering 
246 3 3 |a Learning Maya 6 
260 |a Toronto :   |b Alias,   |c 2004 
300 |a xii, 362 σ.;  |b εικ.;  |c 23 εκ.+  |e 1 DVD-ROM 
500 |a Official Alias training guide 
504 |a Περιέχει ευρετήριο 
630 0 0 |a Maya (Computer file) 
650 0 0 |a Computer animation. 
650 0 0 |a Three-dimensional display systems. 
852 |a INST  |b LESVOS  |e 20051011  |h 006.696 REN  |p 005100032775  |q 005100032775  |t BK  |y 0 
852 |a INST  |b LESVOS  |e 20051011  |h 006.696 REN   |p 005100032776  |q 005100032776  |t BK  |y 0 
901 |a BIBL1-2005-3 
909 |a Λ  |b 114999 
909 |a Λ  |b 115000 
920 |a ΔΙΕΥΡΥΝΣΗ  |b ΕΠΕΑΕΚ-ΠΤΕ  |y ΛΕΣΒΟΣ  |z 2004-10 
970 |a ΚΑΡΑ  |b ΓΙΑΣΕΜΗ  |z 2005/10/11